Polis: política, poder y comunidad política. De Atenas a nuestros días

保存先:
書誌詳細
主要な著者: Pereira Menaut, Antonio-Carlos (著者), Pereira Sáez, Carolina (著者)
フォーマット: 図書
言語:スペイン語
出版事項: Cuernavaca, México Porrúa S. A 2015
シリーズ:Biblioteca Jurídica Americana
主題:
タグ: タグ追加
タグなし, このレコードへの初めてのタグを付けませんか!

MARC

LEADER 00000cam a2200000 a 4500
001 UCE9270
003 CL-VaPUC
005 20211223074336.0
008 151016e20150000mx |||||||||||||||||spa|d
999 |c 360939  |d 360937 
020 |a 9786070917332 
040 |c Pontificia Universidad Católica de Valparaíso 
082 0 4 |a 938 PER 2015  |2 21 
100 0 |a Pereira Menaut, Antonio-Carlos  |e author  |9 582059 
245 1 0 |a Polis:  |b  política, poder y comunidad política. De Atenas a nuestros días 
260 |a Cuernavaca, México  |b Porrúa S. A  |c 2015 
300 |a 406 páginas 
490 0 |a Biblioteca Jurídica Americana 
583 |a last modification  |c 20151016 11:49:00  |k Rodrigo Vera 
650 0 |a Historia de Grecia   |9 267917 
650 7 |a FILOSOFIA POLITICA  |2 CL-VaPUC  |9 582061 
650 0 |a Poder político  |9 255509 
700 0 |a Pereira Sáez, Carolina  |e author  |9 582060 
942 |c BK  |2 ddc 
945 |d 20151016 11:49:00  |a dcastane 
952 |0 0  |1 0  |2 ddc  |3 erb  |4 0  |6 938_000000000000000_PER_2015  |7 0  |8 A  |9 471223  |a BIBDER  |b BIBDER  |i 5242762  |o 938 PER 2015  |p 5242762  |r 2023-01-25  |t 1  |w 2019-11-24  |y BK  |z Catalogado en:20151016  |k DER